000 01371cam a22003617a 4500
003 CHAP
005 20220329134311.0
008 971013s1974 r 00010 d
010 _a18378
011 _a19350
035 _a23435
040 _cCHAP
090 _aFolleto 8851
100 0 0 _aBodegas Valera, Pedro René.
_913347
245 0 _aControl integrado de las plagas del algodonero en el estado de Chiapas, México
260 _aTapachula, Chis. :
_bCentro de Investigaciones Ecológicas del Sureste,
_c1974-77
300 _a53 p.
_b: ilus.
490 0 _aChiapas. Centro de Investigaciones Ecológicas del Sureste. Boletín de información
_v; 6
590 _aBATCH-UPD
_b10
_c20130110
_lUCH01
_h1625
590 _aBATCH-UPD
_b10
_c20130410
_lUCH01
_h1019
590 _aBATCH-UPD
_b10
_c20130914
_lUCH01
_h0316
590 _aBATCH-UPD
_b10
_c20130914
_lUCH01
_h2119
590 _aCONVERSION
_b10
_c20130109
_lUCH01
_h1311
650 1 4 _aAlgodón
_xChiapas.
_93987
650 1 4 _aControl biológico de plagas.
_927587
650 1 4 _aControl de plagas.
_927595
700 0 _aCoss Flores, Martha E. de.
_928461
700 0 _aFlores García, Rodolfo.
_941552
830 0 _aChiapas. Centro de Investigaciones Ecológicas del Sureste. Boletín de información
_v; 6
_922243
901 _aBK
942 _cFOLL
949 _aFolleto 8851
_bBC
_cFOLL
_d23435123
_eTS1
_i23435
_mD
_si
999 _c18378
_d18378